000 00567cam a22002291 4500
001 sa 65002613
003 DLC
005 20260227112117.0
008 890912s1964 ii c b 000 0 hino
010 _asa 65002613
035 _a(OCoLC)20330450
040 _aDLC
_cWaU
_dDLC
042 _apremarc
050 0 0 _aDS479.1.L27
_bS8
100 1 _aSuman, Ramnath.
245 1 0 _aLālā Lajapatarāya.
260 _c[1964]
300 _a247 p.
_bports.
_c19 cm.
500 _aIn Hindi.
504 _aBibliography: p. [9]
600 0 0 _aLajpat Rai,
_cLala,
_d1865-1928.
999 _c62722
_d62722